Adam Smith : The man and his works

Đã lưu trong:
书目详细资料
主要作者: West, E. G.
格式: 图书
语言:Undetermined
出版: Indianapolis Liberty press 1976
主题:
标签: 添加标签
没有标签, 成为第一个标记此记录!
Thư viện lưu trữ: Trung tâm Học liệu Trường Đại học Cần Thơ
LEADER 00492nam a2200193Ia 4500
001 CTU_82552
008 210402s9999 xx 000 0 und d
082 |a 330.0924 
082 |b W516 
100 |a West, E. G. 
245 0 |a Adam Smith : 
245 4 |b The man and his works 
245 0 |c E. G. West 
260 |a Indianapolis 
260 |b Liberty press 
260 |c 1976 
650 |a Economists 
904 |i Vương, QHieu 
980 |a Trung tâm Học liệu Trường Đại học Cần Thơ